000 00425nam a2200181Ia 4500
008 180207s9999 xx 000 0 und d
020 _a9780394840763
050 _bM158 1979
100 _aMcKie, Roy
245 4 _aThe joke book /
245 _cby Roy McKie.
260 _aNew York :
260 _bRandom House, Inc.,
260 _c1979
300 _aunpaged :
300 _bcolor illustrations ;
300 _c20cm.
999 _c355624
_d355624